| 000 | 01383nam a2200253 a 4500 | ||
|---|---|---|---|
| 001 | 000028820 | ||
| 005 | 20200930055146.0 | ||
| 008 | 110412s2010 dr c 000 p spa d | ||
| 020 | _a9789945003260 | ||
| 040 |
_aDO-SdBNP _bspa _cBNPHU |
||
| 082 |
_axxxx _bQ3c |
||
| 245 | 0 | 0 |
_a¿Que no cesen rumores? : _b[antología poética] / _cedición, introducción y notas Rei Berroa. |
| 260 |
_aSanto Domingo : _bTeatro Luna, _c2010. |
||
| 300 |
_a246 p. : _bretrs. ; _c21 cm. |
||
| 490 | 1 |
_aLibros de la luna _v5 |
|
| 500 | _aIncluye poemas leídos en el XVIII Maratón de Poesía del Teatro de la Luna en la Biblioteca del Congreso de Washington, DC y en la Casa de la Luna de Washington, DC del 4 al 6 de junio de 2010. | ||
| 500 | _aIncluye notas al pie de las páginas. | ||
| 505 | 2 | _aReconocimiento -- Rei Berroa -- Armando Romero -- Fernando Cabrera (Santiago, República Dominicana, 1964) -- Raúl Castillo Soto (San Juan , Puerto Rico) -- Tina Escasa (Zamora, España, 1965) -- Leticia Herrera (Monterrey, Mexico, 1960) --Zulema Moret (Buenos Aires, argentina, 1950) -- Aida Toledo (Guatemala) -- Miriam Ventura (República Dominicana, 1957). | |
| 700 | 1 | 2 |
_aBerroa, Rei, _d1949- _eed., introd. _9160 |
| 710 | 2 | 2 |
_aBiblioteca del Congreso de Washington, DC _955800 |
| 710 | 2 | 2 |
_aCasa de la Luna de Washington, DC _955801 |
| 830 | 0 |
_aLibros de la luna _v5 _910156 |
|
| 049 | _aBNPD | ||
| 999 |
_c28312 _d28312 |
||